|
|
|
|
| LEADER |
00000nam a2200000 a 4500 |
| 005 |
2015051507357.0 |
| 007 |
cr ||||||||||| |
| 008 |
150511s2014 sp f b 000 0 spa|c |
| 020 |
|
|
|a 9788490852361
|
| 035 |
|
|
|a 12694
|
| 040 |
|
|
|a ES-TaURV
|b cat
|c ES-TaURV
|d vLex
|
| 090 |
|
|
|c 5426
|d 5426
|
| 245 |
0 |
3 |
|a El Horizonte constitucional
|h [Recurso electrn̤ico] :
|b ciencia jurd̕ica, derechos humanos y constitucionalismo cosmopolita /
|c Alfonso de Julios-Campuzano (editor) ; Massimo La Torre ... [et al.]
|
| 256 |
|
|
|a Servicio en ln̕ea
|
| 260 |
|
|
|a Madrid :
|b Dykinson,
|c cop. 2014
|
| 300 |
|
|
|a 1 recurso electrn̤ico
|
| 504 |
|
|
|a Bibliografa̕
|
| 506 |
1 |
|
|a Contenido disponible en los productos indicados
|d vLex Global
|d vLex Global (Academic Edition, excluding Law Schools)
|d vLex Global (U.S. Academic Edition, Law Schools)
|d vLex Global (U.S. Academic Edition, excluding Law Schools)
|d vLex Global (Academic Edition, Law Schools)
|
| 650 |
0 |
4 |
|a Derecho constitucional
|
| 650 |
0 |
4 |
|a Derecho
|x Filosofa̕
|
| 700 |
1 |
|
|a Julios-Campuzano, Alfonso de
|
| 700 |
1 |
|
|a La Torre, Massimo
|
| 740 |
0 |
|
|a vLex Libros (Servicio en ln̕ea)
|
| 856 |
4 |
0 |
|z Acceso restringido
|u http://vlex.com/source/horizonte-constitucional-12694
|
| 942 |
|
|
|c BOOK
|
| 999 |
0 |
|
|a Constitutional law
|